[Event "CRO-ch 2020"]
[Site "Vinkovci"]
[Date "2020.06.19"]
[Round "1.1"]
[White "Zelcic, Robert"]
[Black "Rogic, Davor"]
[Result "1-0"]
[WhiteElo "2527"]
[BlackElo "2492"]
[Annotator "TA"]
[PlyCount "131"]
[EventDate "2020.06.19"]
[EventType "tourn"]
[EventCountry "CRO"]
[SourceTitle "playchess.com"]
[Source "ChessBase"]
[SourceQuality "1"]

{[%evp 14,131,0,0,29,25,33,26,33,21,64,53,59,41,52,43,47,-12,-5,-10,-18,-8,-20,-13,-13,-12,24,0,0,0,52,2,44,0,0,-38,-21,-18,-13,-89,-58,-86,-91,-81,-78,-174,-33,-47,-29,-45,-19,-69,0,-11,0,0,0,0,0,0,0,-21,-20,-28,-17,-20,-27,-22,-22,-25,-26,-17,-18,-14,-17,-26,-14,-44,41,22,318,301,424,377,389,383,588,588,556,556,554,537,474,477,658,604,512,123,611,524,516,516,1476,1386,1249,1093,2261,845,1638,1485,5089,1440,12819,12675,29980,29981,29987,29988,29988,29985]} 1. e4 e5 2. Nf3 Nc6 3. Bc4 Bc5 4. O-O Nf6 5. d3 O-O 6. c3 d6 7. b4 {Recently 7.Re1 got a lot of attention.} Bb6 8. Bg5 Qe7 {C54: Giuoco Piano: 4 c3 Nf6, main lines with 5 d4 and 5 d3.} 9. Nbd2 h6 10. Bh4 Nd8 {White has an edge.} 11. d4 {[#]} c6 $146 ({Predecessor:} 11... exd4 12. cxd4 Nc6 13. e5 dxe5 14. dxe5 Nxe5 15. Nxe5 Qxe5 16. Bg3 Qd4 17. Kh1 Bd7 {1-0 (34) Jongerius,M (1658)-Dokter,M (1539) Guernsey 2008}) 12. Re1 Bc7 13. Bg3 Bg4 14. h3 Bh5 15. Bh2 (15. Qc2 $14) 15... exd4 $11 16. cxd4 d5 17. Bxc7 Qxc7 18. e5 Nh7 19. Be2 a5 20. b5 Ne6 21. bxc6 Qxc6 ({Black should play} 21... bxc6 $11 22. Qa4 Rfc8) 22. Qb3 Rfc8 23. Bb5 Qb6 24. Qa4 (24. Qxd5 $2 Nc7 $19) 24... Rc3 {With the idea ...Rxf3!} 25. Rab1 Qc7 26. Bf1 (26. Bd7 $11 {keeps the balance.}) 26... Bg6 27. Rb2 Nhg5 28. Nxg5 hxg5 29. Qb5 (29. Qd1 $17) 29... Rd8 ({Not} 29... Nxd4 30. Qxd5 Rd8 31. Qxb7 $11) ({Black should try} 29... Rc1 $1 $19 {[%cal Rc1e1]} 30. Rxc1 Qxc1) 30. Qxb7 $15 Nxd4 31. Qxc7 Rxc7 32. Re3 Re8 (32... Rc1 $15 33. Kh2 Ne6) 33. Bd3 $11 Bxd3 34. Rxd3 Ne2+ 35. Kh2 Nf4 ({Of course not} 35... Rxe5 36. Nf3 $16) 36. Rd4 Rxe5 {Hoping for ...Re2.} 37. Rb8+ Kh7 {White must now prevent ...Re2.} 38. Nf3 Ne6 39. Nxe5 Nxd4 {[%mdl 4096] Endgame KRN-KRN} 40. Rd8 $1 f6 41. Ng4 Rc5 {...Nc6 is the strong threat.} 42. Rd7 Kg6 {Threatening ...Nc2.} 43. Ne3 Nc6 {Strongly threatening ...d4.} 44. g4 $1 Ne5 45. Ra7 Nf7 (45... Nf3+ $15 46. Kg3 Nh4) 46. Nf5 $14 {[%mdl 1024] White has compensation.} Rc2 $2 {[%mdl 8192] [#] Black is on the road to losing.} (46... Rc1 $11 {and Black stays safe.}) 47. Kg3 $1 $18 Rc1 {[#]} (47... Rxa2 $142 48. h4 gxh4+ 49. Nxh4+ Kh7) 48. h4 $1 Rg1+ 49. Kh3 Rxg4 (49... gxh4 $142 50. Nxh4+ Kh7) 50. Kxg4 {Threatening mate with h5+.} Ne5+ 51. Kg3 Kxf5 {KR-KN} 52. h5 d4 {intending ...d3.} 53. Kg2 d3 {aiming for ...d2.} 54. Kf1 Kg4 55. Ke1 $2 (55. Rxa5 $18 Kf3 56. Ke1) 55... Kxh5 $2 {[%mdl 8192]} (55... Nc4 $16) 56. Rxa5 d2+ 57. Ke2 {Threatens to win with Rxe5!} Nd3 (57... Nc4 $142 58. Ra7 f5 59. Rxg7 f4) 58. Kxd2 Nxf2 59. a4 {[%cal Ba2a4,Ba4a5,Ba5a6,Ba6a7][%mdl 32]} Kg4 60. Ke2 (60. Rb5 $142 Ne4+ 61. Kd3) 60... Ne4 61. Ra8 f5 62. a5 f4 63. a6 Kg3 64. Rf8 {White mates.} ({Stronger than} 64. a7 Nc3+ 65. Kd3 Nb5 $11) 64... g4 65. a7 f3+ 66. Kf1 {Accuracy: White = 74%, Black = 44%.} 1-0

[Event "CRO-ch 2020"]
[Site "Vinkovci"]
[Date "2020.06.19"]
[Round "1.2"]
[White "Kovacevic, Blazimir"]
[Black "Palac, Mladen"]
[Result "1/2-1/2"]
[WhiteElo "2410"]
[BlackElo "2529"]
[Annotator "TA"]
[PlyCount "50"]
[EventDate "2020.06.19"]
[EventType "tourn"]
[EventCountry "CRO"]
[SourceTitle "playchess.com"]
[Source "ChessBase"]
[SourceQuality "1"]

{[%evp 15,50,0,1,16,23,11,16,13,35,52,58,44,41,32,60,0,4,0,0,8,7,4,20,4,4,6,7,6,13,-27,28,0,0,0,0,0,2]} 1. d4 Nf6 2. Nf3 d5 3. g3 c6 4. Bg2 Bg4 5. c4 e6 6. Nc3 Nbd7 7. cxd5 exd5 8. O-O Bd6 9. Nh4 $1 {[%mdl 4] is recently more successful than 9.Qc2. A07: Réti Opening: New York and Capablanca Systems.} O-O 10. f3 Be6 11. e4 dxe4 12. fxe4 {[#]} Bb4 $146 ({Predecessor:} 12... Be7 13. Nf5 Bxf5 14. Rxf5 Nb6 15. Kh1 c5 16. d5 Nfd7 17. d6 Bf6 18. Nd5 Nxd5 19. Qxd5 {0-1 (88) Rozum,I (2566)-Belozerov,A (2493) chess.com INT 2020}) 13. a3 Ba5 14. e5 Ne8 15. Kh1 (15. Be3 $14) 15... f6 $11 16. d5 cxd5 17. Bxd5 Nc7 18. Bxe6+ Nxe6 19. b4 {[#] aiming for Qd5.} Bb6 20. Qb3 $36 {[%mdl 2048] White fights for an advantage.} Qe8 21. exf6 Nxf6 22. Bg5 Bd4 ({Black should try} 22... Ng4 23. Nd5 (23. Rxf8+ Kxf8 24. Ne4 Qc6 $17) 23... Kh8 24. Rxf8+ Qxf8) 23. Bxf6 Rxf6 {The position is equal.} 24. Rxf6 Bxf6 25. Re1 Bxc3 {Accuracy: White = 76%, Black = 82%.} 1/2-1/2

[Event "CRO-ch 2020"]
[Site "Vinkovci"]
[Date "2020.06.19"]
[Round "1.3"]
[White "Jovanic, Ognjen"]
[Black "Stevic, Hrvoje"]
[Result "1/2-1/2"]
[WhiteElo "2524"]
[BlackElo "2575"]
[Annotator "TA"]
[PlyCount "33"]
[EventDate "2020.06.19"]
[EventType "tourn"]
[EventCountry "CRO"]
[SourceTitle "playchess.com"]
[Source "ChessBase"]
[SourceQuality "1"]

{[%evp 22,33,6,17,10,6,6,0,12,-4,0,-12,-14,-10]} 1. d4 d5 2. Nf3 Nf6 3. c4 dxc4 4. e3 e6 5. Bxc4 a6 6. O-O c5 7. dxc5 Qxd1 8. Rxd1 Bxc5 9. Be2 b6 10. b3 Bb7 11. Bb2 Nbd7 12. Nbd2 {The position is equal.} O-O {D27: Queen's Gambit Accepted: Classical main line: 7 e4!? and 7 a4.} 13. Rac1 Rfc8 {[#]} 14. Kf1 $1 $146 {[%mdl 8] A relevant novelty.} ({Predecessor:} 14. Nc4 Bd5 15. Kf1 Kf8 16. Nce5 Nxe5 17. Nxe5 Ke7 18. Bf3 Bxf3 19. Nxf3 Bd6 20. Ne5 Bxe5 21. Bxe5 {½-½ (35) Mirzoev,A (2510)-Edouard,R (2638) Linares 2018}) 14... Be7 15. Rxc8+ Rxc8 16. Rc1 Rxc1+ 17. Bxc1 {Not much happened in this game.} 1/2-1/2

[Event "CRO-ch 2020"]
[Site "Vinkovci"]
[Date "2020.06.19"]
[Round "1.4"]
[White "Plenca, Jadranko"]
[Black "Martinovic, Sasa"]
[Result "1/2-1/2"]
[WhiteElo "2483"]
[BlackElo "2532"]
[Annotator "TA"]
[PlyCount "43"]
[EventDate "2020.06.19"]
[EventType "tourn"]
[EventCountry "CRO"]
[SourceTitle "playchess.com"]
[Source "ChessBase"]
[SourceQuality "1"]

{[%evp 29,43,45,50,45,47,12,14,22,38,26,35,13,22,0,16,12]} 1. e4 e5 2. Nf3 Nc6 3. Bb5 a6 4. Ba4 Nf6 5. O-O Be7 6. Re1 b5 7. Bb3 O-O 8. c3 d5 9. exd5 Nxd5 10. Nxe5 Nxe5 11. Rxe5 c6 12. d3 Bd6 13. Re1 Qh4 14. g3 Qh3 15. Re4 Nf6 {seems to push 15...Qf5 aside.} 16. Rh4 {C89: Closed Ruy Lopez: Marshall Attack.} Qf5 17. d4 Qg6 {[#]} 18. Nd2 $146 ({Predecessor:} 18. Bc2 Bf5 19. Bxf5 Qxf5 20. Be3 Rae8 21. Nd2 Nd5 22. Nf1 f6 23. a4 g5 24. Rh5 {1-0 (47) Almasi,Z (2650)-Lukacs,P (2440) Austria 1996}) 18... Bf5 19. Nf3 Nd5 20. Bd2 Rfe8 21. c4 bxc4 22. Bxc4 {Black took control after the opening.} 1/2-1/2

[Event "CRO-ch 2020"]
[Site "Vinkovci"]
[Date "2020.06.19"]
[Round "1.5"]
[White "Brkic, Ante"]
[Black "Bosiocic, Marin"]
[Result "1-0"]
[WhiteElo "2593"]
[BlackElo "2625"]
[Annotator "TA"]
[PlyCount "83"]
[EventDate "2020.06.19"]
[EventType "tourn"]
[EventCountry "CRO"]
[SourceTitle "playchess.com"]
[Source "ChessBase"]
[SourceQuality "1"]

{[%evp 17,83,37,50,40,45,0,10,16,13,0,49,47,52,45,53,78,98,50,74,51,154,17,11,4,67,65,276,281,278,196,198,176,183,197,516,543,518,326,332,200,266,256,259,243,238,255,482,454,593,553,822,825,912,768,1033,775,4870,4866,1139,966,754,906,1666,1375,29965,29967,4614,536]} 1. e4 d6 2. d4 Nf6 3. Nc3 e5 4. Nf3 Nbd7 5. Bc4 Be7 6. a4 O-O 7. O-O c6 8. h3 h6 {is currently scoring better than 8...b6.} 9. Re1 Re8 10. a5 {C41: Philidor Defence.} Rb8 {[#]} 11. Ba2 $5 $146 {[%mdl 8] An interesting novelty.} ({Predecessor:} 11. Bb3 b5 12. axb6 axb6 13. d5 Bb7 14. Ra7 Nc5 15. dxc6 Bxc6 16. Bd5 Bxd5 17. exd5 {½-½ (51) Nakhapetiane,P (2469)-Rogozenco,D (2534) Moscow 2011}) 11... b5 12. axb6 {The position is equal.} axb6 13. d5 Bb7 14. dxc6 Bxc6 15. b4 Ra8 16. Qd3 $36 {[%mdl 2048] White is in control.} b5 17. Nh4 {And now Nf5 would win.} d5 18. exd5 Nxd5 (18... e4 $1 $14 19. Qd4 Nxd5 20. Bxd5 Rxa1 21. Bxc6 Bxh4 22. Nxe4 (22. Qxd7 e3 $15) (22. Bxd7 e3 $17) 22... Rb1) 19. Nxd5 (19. Nf5 $1 $16 N7f6 20. Bxd5 $1 {[%mdl 512]} (20. Rxe5 Bf8 $17 {[%mdl 64] Discovered Attack}) 20... Nxd5 21. Qg3 $1 {[%mdl 512]}) 19... Bxh4 $11 20. Be3 Re6 (20... Nf6 $11 21. Nb6 Rb8) 21. c4 $14 Rg6 $2 {Loses the game.} ({Black should play} 21... e4 $14 22. Qd4 bxc4) 22. cxb5 $18 Bb7 23. Bb3 Kh8 24. Rxa8 Qxa8 25. g3 Qb8 $2 (25... Bxg3 {is tougher.} 26. fxg3 Rd6) 26. Qf5 {[%mdl 64] Double Attack} Bxg3 {aiming for ...Bf4+.} 27. fxg3 Nf6 28. Nxf6 Rxg3+ 29. Kf2 {[%csl Gf6][%cal Rf5h7]} (29. Kh2 Rg2+ 30. Kh1 Rf2+ 31. Qe4 Bxe4+ 32. Nxe4 Rb2 $19) 29... Rf3+ 30. Qxf3 $1 Bxf3 31. Kxf3 {Threatens to win with Nd5.} gxf6 $2 {[#]} (31... Qxb5 32. Nd5 (32. Bxf7 Qxb4 33. Rd1 Qe7 $16) 32... Qd3) 32. b6 $1 f5 33. Bd5 Kh7 {intending ...Qd6.} 34. b7 Qd6 35. Rd1 Qxb4 36. Bc6 f4 37. Rd8 Qc3 38. b8=Q {White threatens Be4+ and mate.} Qxc6+ 39. Ke2 {Threatening mate with Rh8+.} Qc4+ 40. Ke1 fxe3 41. Rh8+ Kg6 42. Qg8+ {Accuracy: White = 56%, Black = 50%.} (42. Qb6+ $142 Kf5 43. Qxe3) 1-0

[Event "CRO-ch 2020"]
[Site "Vinkovci"]
[Date "2020.06.19"]
[Round "1.6"]
[White "Saric, Ante"]
[Black "Kozul, Zdenko"]
[Result "0-1"]
[WhiteElo "2541"]
[BlackElo "2597"]
[Annotator "TA"]
[PlyCount "154"]
[EventDate "2020.06.19"]
[EventType "tourn"]
[EventCountry "CRO"]
[SourceTitle "playchess.com"]
[Source "ChessBase"]
[SourceQuality "1"]

{[%evp 18,154,36,28,59,16,14,16,14,14,6,0,-16,-14,-14,-67,-54,-34,-49,-41,-41,-51,-51,-67,-54,-65,-67,-65,-54,-56,-55,-56,-52,-85,-83,-138,-54,-80,-48,-87,-73,-71,-60,-60,-58,-79,-62,-58,-45,-104,-97,-118,-119,-118,-117,-126,-127,-133,-129,-129,-118,-118,-86,-97,-90,-91,-91,-99,-79,-79,-79,-96,-78,-78,-78,-78,-78,-113,-104,-1375,-1266,-1431,-1338,-1487,-1464,-1364,-1300,-1576,-1170,-1133,-1036,-1481,-1465,-1464,-1355,-1324,-829,-1304,-490,-1452,-1653,-1900,-1515,-29959,-29960,-29960,-10839,-29962,-29963,-29960,-11833,-5610,-9006,-5069,-1289,-29963,-29969,-29971,-29968,-29976,-29977,-29977,-29978,-29977,-29978,-29978,-29979,-29979,-29980,-29978,-29978,-29978,-29979,-29979,-29980,-29980,-29981,-29981,-29982]} 1. d4 Nf6 2. c4 g6 3. g3 c6 4. Bg2 d5 5. Qa4 dxc4 6. Qxc4 Bg7 7. Nf3 O-O 8. O-O Qb6 9. Nc3 Be6 10. Qa4 Rd8 {D78: Fianchetto Grünfeld: 6 0-0 c6.} 11. Qa3 {[#]} Nbd7 $146 ({Predecessor:} 11... Bf8 12. Na4 Qa6 13. Qb4 Nd5 14. Qa3 Nb6 15. Nc5 Qxa3 16. bxa3 Bc8 17. Rb1 N8d7 18. Nd3 Nf6 19. Nc5 Nfd7 20. Nd3 Nf6 {½-½ (20) Vandezande,A-Dunkelblum,A Ostend 1967}) 12. Ng5 Qxd4 {The position is equal.} 13. Nxe6 fxe6 14. Rd1 Qc4 15. Bh3 ({Not} 15. Qxe7 $2 Bf8 $19) 15... Kf7 16. Bg5 (16. Be3 $11 Nd5 17. Nxd5 exd5 18. Rd3) 16... a5 17. Rac1 {next Nd5 is good for White.} Qb4 18. Qa4 Qxa4 19. Nxa4 Nd5 20. e4 N5b6 21. Nxb6 Nxb6 22. b3 Bb2 23. Rb1 {Hoping for Rxd8.} Ba3 24. Be3 Nd7 25. Kf1 Nc5 26. f3 (26. Rxd8 $142 Rxd8 27. Bg2) 26... e5 (26... Rxd1+ $1 $17 27. Rxd1 a4) 27. Ke2 Rd6 28. Rd2 Rxd2+ 29. Bxd2 Bb4 30. Be3 Ne6 31. f4 exf4 32. gxf4 Rd8 33. f5 ({White should play} 33. Rd1 $15 Rxd1 34. Kxd1) 33... Nd4+ $17 34. Bxd4 Rxd4 35. fxg6+ hxg6 {[%mdl 4096] Endgame KRB-KRB} 36. Rd1 Rxe4+ 37. Kf3 Rh4 38. Bc8 b6 39. h3 Bd6 40. Rc1 Rf4+ 41. Ke2 c5 42. Rf1 Rxf1 43. Kxf1 {KB-KB} a4 44. bxa4 Kf6 45. Ke2 c4 46. Ba6 c3 47. Bd3 g5 48. Bh7 $2 {[%mdl 8192] This move loses the game for White.} (48. Bc2 $17) 48... Ba3 $1 $19 49. Kd3 Bb2 50. Ke3 Ke5 51. Bc2 Bc1+ $1 52. Kf3 Kd4 53. Ke2 Bf4 54. Kf3 Bd2 55. Ke2 Kc4 56. Bb3+ {[#]} Kb4 $1 {[%cal Rb4a3]} 57. Kd3 {[#]} e5 $1 58. Bd5 (58. a5 $142 bxa5 59. Bd5) 58... Kxa4 59. Kc2 Ka3 60. Kb1 Kb4 61. Kc2 Kc5 62. Bb3 Kd4 63. Kd1 Ke3 64. Bd5 e4 65. Bc6 Kf3 (65... Kf4 $142 66. Ba4 Kg3) 66. a4 Bf4 {Black mates.} 67. Kc2 Be5 68. Bd5 Kg3 69. Bxe4 Kxh3 70. Kd3 g4 71. Bf5 Kh4 72. Ke3 g3 73. Kf3 Kg5 74. Be4 Kf6 75. Ke3 Ke7 76. Kd3 Kd6 77. Bg2 Kc5 {Accuracy: White = 61%, Black = 93%.} 0-1

[Event "CRO-ch 2020"]
[Site "Vinkovci"]
[Date "2020.06.20"]
[Round "2.1"]
[White "Rogic, Davor"]
[Black "Kozul, Zdenko"]
[Result "0-1"]
[WhiteElo "2492"]
[BlackElo "2597"]
[Annotator "TA"]
[PlyCount "68"]
[EventDate "2020.06.19"]
[EventType "tourn"]
[EventCountry "CRO"]
[SourceTitle "playchess.com"]
[Source "ChessBase"]
[SourceQuality "1"]

{[%evp 12,68,40,38,38,37,41,31,46,40,39,15,42,0,3,8,5,7,24,6,15,0,0,-12,0,-2,0,-28,-29,-26,-25,-24,-3,-8,-15,-53,-45,-62,-52,-50,-39,-158,-142,-148,-128,-450,-206,-471,-453,-1073,-1052,-1541,-1541,-1397,-1359,-1261,-732,-935,-913]} 1. e4 c5 2. Nf3 d6 3. d4 cxd4 4. Nxd4 Nf6 5. Nc3 a6 6. g3 Nc6 7. Bg2 Nxd4 {B91: Sicilian Najdorf: 6 g3.} 8. Qxd4 e5 9. Qd3 h6 {White is slightly better.} 10. O-O Be7 {[#]} 11. b3 $146 ({Predecessor:} 11. a4 Be6 12. a5 Qc8 13. b3 O-O 14. Na4 Nd7 15. c4 Bd8 16. Bd2 Bc7 17. Nc3 {0-1 (75) Vazquez,G (2345)-Delgado Ramirez,N (2598) Asuncion 2013}) 11... O-O 12. Bb2 b5 13. Nd1 Be6 14. Ne3 Qb8 15. Rfd1 Rc8 16. Rac1 a5 17. a3 Ra7 18. h3 b4 19. Kh2 a4 20. bxa4 Rxa4 21. Rb1 Qc7 22. axb4 Rxb4 {Threatens to win with ...Rcb8.} 23. Ba1 Ra4 {[%cal Bb4a4,Ba4a2,Ba2f2][%mdl 32]} 24. c3 Nd7 25. Rb4 Ra2 26. Nf5 (26. Bb2 $15) 26... Bxf5 $17 27. exf5 Rxf2 28. Kh1 $2 {[%mdl 8192] [#]} (28. Qe3 $17 Qc5 29. Qxc5 Nxc5 30. Rb2 Rxf5 31. c4) 28... Nc5 $40 {[%mdl 128] Black is out for blood.} (28... d5 $142 $1 {[%mdl 512]} 29. Qxd5 Bxb4 30. cxb4 Qc2) 29. Qb1 $2 {[#]} (29. Qe3 {was necessary.} Rc2 30. Bd5) 29... e4 $1 $19 {[%mdl 512] Black is clearly winning.} 30. g4 {[#]} (30. c4 $142 d5 31. Bd4) (30. Bxe4 d5) 30... d5 $1 {[%mdl 512]} 31. Rxd5 Qg3 {[%csl Gf2][%cal Rg3g2]} 32. Qg1 Ra8 {( -> ...Rxg2!)} 33. Bb2 Ra2 {Strongly threatening ...Nd3.} 34. f6 gxf6 {White did not feel at home in the position after the opening. Accuracy: White = 49%, Black = 82%.} 0-1

[Event "CRO-ch 2020"]
[Site "Vinkovci"]
[Date "2020.06.20"]
[Round "2.2"]
[White "Bosiocic, Marin"]
[Black "Saric, Ante"]
[Result "1/2-1/2"]
[WhiteElo "2625"]
[BlackElo "2541"]
[Annotator "TA"]
[PlyCount "47"]
[EventDate "2020.06.19"]
[EventType "tourn"]
[EventCountry "CRO"]
[SourceTitle "playchess.com"]
[Source "ChessBase"]
[SourceQuality "1"]

{[%evp 10,47,37,30,41,31,40,14,31,23,20,13,20,10,23,5,17,16,31,25,50,-9,18,-1,0,0,0,0,0,0,0,0,0,0,0,0,0,-23,-23,-30]} 1. e4 e5 2. Nf3 Nf6 3. Nxe5 d6 4. Nf3 Nxe4 5. d4 d5 6. Bd3 Bf5 {6...Bd6 is a critical line. C42: Petroff Defence: 3 Nxe5 and unusual White 3rd moves.} 7. O-O Be7 8. Nc3 O-O {The position is equal.} 9. Re1 {[%cal Rc3e4]} Nxc3 10. bxc3 Bxd3 11. Qxd3 Nd7 12. Bf4 {[#]} Bd6 $146 ({Predecessor:} 12... Re8 13. h4 h6 14. c4 dxc4 15. Qxc4 c5 16. Ne5 Nxe5 17. dxe5 Qd4 18. Qxd4 cxd4 {½-½ (44) Ponomariov,R (2682)-Vidit,S (2664) Hengshui 2019}) 13. Ng5 {[%csl Gg5][%cal Rd3h7] [#]} g6 14. Qh3 {[%csl Gg5][%cal Rh3h7]} h5 15. Qg3 (15. Bxd6 $14 cxd6 16. Qg3) 15... Nf6 16. Bxd6 Qxd6 17. Qxd6 cxd6 18. Re7 Rac8 19. Rxb7 Rxc3 20. Rxa7 Rxc2 21. h3 Ne4 22. Nxe4 dxe4 23. Rb7 Rfc8 24. Rbb1 {Accuracy: White = 88%, Black = 100%.} 1/2-1/2

[Event "CRO-ch 2020"]
[Site "Vinkovci"]
[Date "2020.06.21"]
[Round "2.3"]
[White "Martinovic, Sasa"]
[Black "Brkic, Ante"]
[Result "1/2-1/2"]
[WhiteElo "2532"]
[BlackElo "2593"]
[Annotator "TA"]
[PlyCount "41"]
[EventDate "2020.06.19"]
[EventType "tourn"]
[EventCountry "CRO"]

{[%evp 16,41,18,-2,13,0,0,10,8,8,24,24,13,0,0,13,18,9,14,7,16,9,9,8,8,16,8,12]} 1. d4 Nf6 2. c4 e6 3. Nc3 Bb4 4. f3 d5 5. a3 Bxc3+ 6. bxc3 c5 7. cxd5 Nxd5 8. dxc5 f5 9. Nh3 Qa5 {E25: Nimzo-Indian: Sämisch: 5...c5 6 f3 d5 7 cxd5.} 10. Qd2 Qxc5 11. Nf2 O-O 12. e4 Nf6 {[#]} 13. a4 $146 {Hoping for Ba3.} ({Predecessor:} 13. Qd4 Qa5 14. exf5 Nc6 15. Qd2 exf5 16. Bc4+ Kh8 17. O-O Ne5 18. Be2 Be6 19. Qb2 {½-½ (30) Esipenko,A (2625)-Xu,Y (2545) China 2019}) 13... Qc7 14. Bd3 {The position is equal.} Nbd7 15. O-O Nc5 16. exf5 exf5 17. Ba3 Rd8 18. Qa2+ Be6 19. Bc4 Qf7 20. Bxe6 Nxe6 21. Rfe1 {An uneventful encounter. Accuracy: White = 100%, Black = 100%.} 1/2-1/2

[Event "CRO-ch 2020"]
[Site "Vinkovci"]
[Date "2020.06.22"]
[Round "2.4"]
[White "Stevic, Hrvoje"]
[Black "Plenca, Jadranko"]
[Result "1-0"]
[WhiteElo "2575"]
[BlackElo "2483"]
[Annotator "TA"]
[PlyCount "59"]
[EventDate "2020.06.19"]
[EventType "tourn"]
[EventCountry "CRO"]

{[%evp 15,59,27,28,27,11,27,22,-29,21,21,17,11,23,29,30,24,27,30,26,36,27,22,28,30,95,79,194,196,191,191,190,183,177,175,223,218,210,216,210,211,208,216,232,230,241,237]} 1. e4 e5 2. Nf3 Nc6 3. Bc4 Bc5 4. c3 Nf6 5. d3 O-O 6. O-O d5 7. exd5 Nxd5 8. Re1 Bg4 9. h3 {C54: Giuoco Piano: 4 c3 Nf6, main lines with 5 d4 and 5 d3.} Bh5 10. Nbd2 {[%cal Bb1d2,Bd2e4,Be4g3][%mdl 32]} Nb6 11. Bb3 $1 {[%mdl 4] [#] now scores much better than the old 11.Bb5. Played by Maxime Vachier Lagrave in December 2019.} ({Better is} 11. b4 Be7 12. b5) 11... a5 $146 ({Predecessor:} 11... Qxd3 12. Nxe5 Qf5 13. Nef3 Rad8 14. Qe2 Qc8 15. Ne4 Rde8 16. Qf1 Bxf3 17. Nxc5 Rxe1 18. Qxe1 {½-½ (26) Ragger,M (2669)-Vidit,S (2722) Germany 2020}) 12. Ne4 a4 13. Bc2 Be7 14. Ng3 Bxf3 15. Qxf3 Bg5 16. d4 {Black must now prevent Qf5!} Bxc1 17. Raxc1 exd4 18. Be4 dxc3 19. Rxc3 Qd2 (19... Nd4 $11 {remains equal.} 20. Qg4 Ne6) 20. Rd1 $40 {[%mdl 128] Black is in trouble.} Qxb2 {[#]} (20... Qg5 $16) 21. Qf5 $3 $18 {[%csl Ge4][%cal Rf5h7][%mdl 512] White is clearly better.} g6 {[#]} 22. Qf6 $1 {Intending Nf5! and mate.} Ra5 23. Rxc6 $1 {[%mdl 64] Discovered Attack} Qxf6 24. Rxf6 c6 25. Rb1 Nd7 26. Rd6 Nc5 27. Bf3 Re8 28. Rd4 Re7 29. Ne4 Ne6 30. Rdb4 {Accuracy: White = 94%, Black = 70%.} 1-0

[Event "CRO-ch 2020"]
[Site "Vinkovci"]
[Date "2020.06.20"]
[Round "2.5"]
[White "Palac, Mladen"]
[Black "Jovanic, Ognjen"]
[Result "1/2-1/2"]
[WhiteElo "2529"]
[BlackElo "2524"]
[Annotator "TA"]
[PlyCount "66"]
[EventDate "2020.06.19"]
[EventType "tourn"]
[EventCountry "CRO"]
[SourceTitle "playchess.com"]
[Source "ChessBase"]
[SourceQuality "1"]

{[%evp 9,66,13,14,10,8,11,7,7,14,5,12,10,18,16,20,1,14,9,25,8,26,18,24,24,34,24,34,34,27,31,45,32,38,34,44,30,47,44,41,20,55,61,38,43,73,64,93,75,76,68,67,0,0,0,0,0,0,0,0]} 1. e4 e5 2. Nf3 Nc6 3. Bb5 Nf6 4. d3 Bc5 5. O-O Nd4 6. Be3 {C65: Ruy Lopez: Berlin Defence (3...Nf6), unusual lines and 4 0-0 Bc5.} Nxf3+ 7. Qxf3 Bxe3 8. Qxe3 O-O 9. Bc4 c6 10. Bb3 Re8 11. f4 d6 12. Nd2 {[%cal Bb1d2,Bd2f3,Bf3h4,Bh4f5][%mdl 32]} Be6 13. Kh1 {[#]} h6 $146 ({Predecessor:} 13... exf4 14. Qxf4 d5 15. e5 Nd7 16. Nf3 Nc5 17. Nd4 Qd7 18. Rae1 Nxb3 19. axb3 c5 {0-1 (52) Sutovsky,E (2647)-Jakovenko,D (2735) Poikovsky 2018}) 14. Rae1 b6 15. Nf3 Rc8 16. fxe5 dxe5 17. Nh4 Bxb3 18. axb3 Re6 19. Nf5 c5 20. Rf3 (20. Qg3 {with more complications.} Ne8 21. Rf3 a5 22. Ref1 Rcc6 23. h3) 20... Ne8 21. Ref1 Rcc6 22. Qf2 Rf6 23. h3 Kh7 24. Qg3 g6 25. Ne3 Rxf3 26. Rxf3 f6 27. Qh4 Rd6 28. Ng4 h5 29. Ne3 Ng7 30. g4 (30. Nc4 $14 g5 31. Qe1) 30... g5 $11 {The position is equal.} 31. Qf2 {Hoping for h4.} h4 32. Nd5 {[%cal Rd5f6]} Kg6 33. c4 a5 {Accuracy: White = 96%, Black = 93%.} 1/2-1/2